[Event "Tradewise Gibraltar AmatWk1"]
[Site "Gibraltar"]
[Date "2017.01.24"]
[Round "2.15"]
[White "Wilson, Matthew R"]
[Black "Koreywo, Witold"]
[Result "1-0"]
[WhiteElo "1791"]
[BlackElo "1620"]
[PlyCount "85"]
[EventDate "2017.01.23"]
[EventType "swiss"]
[EventRounds "5"]
[EventCountry "GGB"]
[SourceTitle "BritBase"]
[Source "www.saund.co.uk"]
[SourceDate "2018.02.10"]
[SourceVersion "1"]
[SourceVersionDate "2018.02.10"]
[SourceQuality "1"]

1. e4 d6 2. Nc3 Nf6 3. f4 Nbd7 4. Nf3 e5 5. Bc4 Be7 6. d3 h6 7. O-O c6 8. f5
Qc7 9. a4 a5 10. Qe1 Nb6 11. Bb3 Bd7 12. Qg3 O-O-O 13. Bxf7 Rdf8 14. Bb3 Be8
15. Qxg7 Rh7 16. Qg3 Bf7 17. Bxf7 Rfxf7 18. Nh4 d5 19. Ng6 Bd6 20. Kh1 Rfg7 21.
Qf3 Rf7 22. b3 d4 23. Nd1 Nbd7 24. Nb2 Nf8 25. Nc4 N6d7 26. Nxf8 Rxf8 27. Bd2
Bb4 28. Bxb4 axb4 29. a5 Nb8 30. Qg3 Qd8 31. Qxe5 Qg5 32. Nd6+ Kd8 33. Nxb7+
Rxb7 34. Qxd4+ Nd7 35. a6 Rg8 36. Rg1 Rb8 37. a7 Ra8 38. Qxb4 Qe3 39. Qc4 Rg7
40. Qxc6 Rxa7 41. Rxa7 Qxa7 42. Qxh6 Ne5 43. Qh8+ 1-0

[Event "Tradewise Gibraltar AmatWk1"]
[Site "Gibraltar"]
[Date "2017.01.24"]
[Round "2.16"]
[White "Kearsley, Raymond J"]
[Black "Murray, J Stephen"]
[Result "0-1"]
[WhiteElo "1687"]
[BlackElo "1789"]
[PlyCount "61"]
[EventDate "2017.01.23"]
[EventType "swiss"]
[EventRounds "5"]
[EventCountry "GGB"]
[SourceTitle "BritBase"]
[Source "www.saund.co.uk"]
[SourceDate "2018.02.10"]
[SourceVersion "1"]
[SourceVersionDate "2018.02.10"]
[SourceQuality "1"]

1. e4 c5 2. Nf3 d6 3. Bb5+ Bd7 4. Bxd7+ Qxd7 5. O-O Nc6 6. c3 g6 7. Qe2 Bg7 8.
Rd1 Nf6 9. d4 cxd4 10. cxd4 O-O 11. Nc3 Rfd8 12. e5 Ne8 13. Bg5 d5 14. Rac1
Rac8 15. Qe3 Nc7 16. Bh6 Ne6 17. Bxg7 Nxg7 18. Qh6 f6 19. Rd3 Nf5 20. Qd2 Nb4
21. Re1 Nxd3 22. Qxd3 Qc6 23. g4 Ng7 24. h4 Qe6 25. g5 Qg4+ 26. Kh1 fxg5 27.
hxg5 e6 28. Nh2 Qxg5 29. Rg1 Qh4 30. Qe3 Rf8 31. Rg3 0-1

[Event "Tradewise Gibraltar AmatWk1"]
[Site "Gibraltar"]
[Date "2017.01.24"]
[Round "2.17"]
[White "Christophe-Hayot, Romain"]
[Black "Gaspar, Ioan-Dan"]
[Result "0-1"]
[WhiteElo "1784"]
[BlackElo "1579"]
[PlyCount "87"]
[EventDate "2017.01.23"]
[EventType "swiss"]
[EventRounds "5"]
[EventCountry "GGB"]
[SourceTitle "BritBase"]
[Source "www.saund.co.uk"]
[SourceDate "2018.02.10"]
[SourceVersion "1"]
[SourceVersionDate "2018.02.10"]
[SourceQuality "1"]

1. e4 c5 2. Nf3 g6 3. Bc4 Bg7 4. Ng5 e6 5. f4 Nc6 6. O-O d5 7. exd5 exd5 8.
Re1+ Nge7 9. Bb3 O-O 10. c3 d4 11. d3 Bf5 12. c4 Qc7 13. g4 h6 14. Nh3 Bd7 15.
Nf2 f5 16. h3 Rae8 17. Qf3 g5 18. Na3 a6 19. Bd2 fxg4 20. hxg4 gxf4 21. Bd1 Ne5
22. Qh3 N7g6 23. b4 b6 24. Nc2 Qc8 25. bxc5 bxc5 26. Rb1 f3 27. Qg3 Bxg4 28.
Rb6 h5 29. Bg5 Re6 30. Rxe6 Qxe6 31. Na1 Qf5 32. Bc2 Qxg5 33. Ne4 Qf4 34. Qxf4
Nxf4 35. Nf2 Nh3+ 36. Kf1 Bf5 37. Rd1 Nxf2 38. Kxf2 Ng4+ 39. Kg3 h4+ 40. Kxh4
Bf6+ 41. Kg3 Be5+ 42. Kxf3 Bxd3+ 43. Kxg4 Be2+ 44. Kg5 0-1

[Event "Tradewise Gibraltar AmatWk1"]
[Site "Gibraltar"]
[Date "2017.01.24"]
[Round "2.19"]
[White "Guegan, Michel"]
[Black "Bo, Martin"]
[Result "1-0"]
[WhiteElo "1738"]
[BlackElo "1572"]
[PlyCount "51"]
[EventDate "2017.01.23"]
[EventType "swiss"]
[EventRounds "5"]
[EventCountry "GGB"]
[SourceTitle "BritBase"]
[Source "www.saund.co.uk"]
[SourceDate "2018.02.10"]
[SourceVersion "1"]
[SourceVersionDate "2018.02.10"]
[SourceQuality "1"]

1. d4 Nf6 2. Nf3 e6 3. e3 d5 4. Bd3 Bd6 5. b3 O-O 6. O-O Nbd7 7. Bb2 c5 8. Ne5
Qc7 9. f4 Ne4 10. Bxe4 dxe4 11. Nd2 f5 12. Ndc4 Be7 13. d5 Nxe5 14. fxe5 exd5
15. Qxd5+ Kh8 16. Nd6 Bg5 17. Rae1 Rb8 18. e6 Bf6 19. Bxf6 Rxf6 20. Ne8 Qe7 21.
Nxf6 Bxe6 22. Qe5 Rd8 23. Nh5 Qf7 24. Nxg7 Qxg7 25. Qxe6 Rg8 26. g3 1-0

[Event "Tradewise Gibraltar AmatWk1"]
[Site "Gibraltar"]
[Date "2017.01.24"]
[Round "2.20"]
[White "Kapoor, Gurveen"]
[Black "Lake, Andrew N"]
[Result "1-0"]
[WhiteElo "1540"]
[BlackElo "1709"]
[PlyCount "59"]
[EventDate "2017.01.23"]
[EventType "swiss"]
[EventRounds "5"]
[EventCountry "GGB"]
[SourceTitle "BritBase"]
[Source "www.saund.co.uk"]
[SourceDate "2018.02.10"]
[SourceVersion "1"]
[SourceVersionDate "2018.02.10"]
[SourceQuality "1"]

1. d4 d5 2. c4 c6 3. Nf3 Nf6 4. Nbd2 Bf5 5. g3 e6 6. Bg2 Nbd7 7. O-O Be7 8. Nh4
Bg6 9. f4 dxc4 10. e4 Bh5 11. Bf3 Bxf3 12. Nhxf3 b5 13. Qc2 Qb6 14. a4 a6 15.
axb5 cxb5 16. b3 cxb3 17. Qxb3 O-O 18. Bb2 Rfc8 19. Kh1 Qb7 20. Rae1 Bf8 21. f5
exf5 22. Ng5 Nb6 23. Rxf5 Nc4 24. Nxc4 Rxc4 25. d5 h6 26. Qf3 hxg5 27. Rxf6 Rd8
28. Qf5 g4 29. Rh6 Rd6 30. Qh7# 1-0

[Event "Tradewise Gibraltar AmatWk1"]
[Site "Gibraltar"]
[Date "2017.01.24"]
[Round "2.21"]
[White "Pink, Joshua"]
[Black "Olde, Karl Erik"]
[Result "1-0"]
[WhiteElo "1898"]
[BlackElo "1352"]
[PlyCount "147"]
[EventDate "2017.01.23"]
[EventType "swiss"]
[EventRounds "5"]
[EventCountry "GGB"]
[SourceTitle "BritBase"]
[Source "www.saund.co.uk"]
[SourceDate "2018.02.10"]
[SourceVersion "1"]
[SourceVersionDate "2018.02.10"]
[SourceQuality "1"]

1. e4 c5 2. Nf3 g6 3. d4 cxd4 4. Nxd4 Bg7 5. Nc3 Nc6 6. Be3 Nf6 7. f3 d5 8.
Nxc6 bxc6 9. exd5 cxd5 10. Bb5+ Bd7 11. Qd3 a6 12. Bxa6 e5 13. Bd2 d4 14. Ne4
Nxe4 15. fxe4 Qb6 16. Bc4 Qxb2 17. O-O O-O 18. Rab1 Qa3 19. Qxa3 Rxa3 20. Bb4
Ra4 21. Bxf8 Rxc4 22. Bxg7 Kxg7 23. Rb2 Ba4 24. Rb7 Be8 25. Re7 Kf8 26. Rxe5
Rxc2 27. Rd5 Rxa2 28. Rxd4 Re2 29. Rc1 Bb5 30. Rc5 Be8 31. Kf1 Rb2 32. Rd8 Ke7
33. Rdd5 Ba4 34. e5 Bb3 35. Rd6 Kf8 36. Kg1 Be6 37. h3 h5 38. Kh2 h4 39. Ra5
Kg7 40. Ra7 Kh6 41. Rd4 g5 42. Kg1 Re2 43. Ra5 Rb2 44. Kf1 Kg6 45. Rc5 Kf5 46.
Rd1 Kf4 47. Rd3 Rb1+ 48. Kf2 Rb2+ 49. Kg1 Kf5 50. Re3 Ra2 51. Kf1 Ra1+ 52. Kf2
Ra2+ 53. Re2 Rxe2+ 54. Kxe2 Kf4 55. Ra5 Kg3 56. Kf1 Bc4+ 57. Kg1 Be6 58. Ra4
Bd7 59. Ra3+ Kf4 60. Rf3+ Kxe5 61. Rxf7 Bf5 62. Kf2 Kf4 63. Ra7 g4 64. Ra4+ Kg5
65. hxg4 Bxg4 66. Ra5+ Kf4 67. Ra8 Kg5 68. Rh8 Bh5 69. Ke3 Bf7 70. Rh7 Bd5 71.
Rg7+ Kh5 72. Kf4 Kh6 73. Rg4 Kh5 74. Rg5+ 1-0

[Event "Tradewise Gibraltar AmatWk1"]
[Site "Gibraltar"]
[Date "2017.01.24"]
[Round "2.22"]
[White "Horlock, Peter J"]
[Black "Laszlo, Zoltan-Imre"]
[Result "0-1"]
[WhiteElo "1611"]
[BlackElo "1894"]
[PlyCount "62"]
[EventDate "2017.01.23"]
[EventType "swiss"]
[EventRounds "5"]
[EventCountry "GGB"]
[SourceTitle "BritBase"]
[Source "www.saund.co.uk"]
[SourceDate "2018.02.10"]
[SourceVersion "1"]
[SourceVersionDate "2018.02.10"]
[SourceQuality "1"]

1. e4 d5 2. exd5 Qxd5 3. Nf3 Nf6 4. Nc3 Qa5 5. d3 c6 6. Bd2 Bf5 7. h3 e6 8. Be2
Qc7 9. Nh4 Bg6 10. Nxg6 hxg6 11. Be3 Nbd7 12. a3 Bd6 13. Qd2 Nb6 14. b4 a6 15.
Bxb6 Qxb6 16. Na4 Qb5 17. Nb2 Rd8 18. c4 Qf5 19. Qc2 Be5 20. Rd1 Bd4 21. Bf3
Qe5+ 22. Kf1 Bxb2 23. b5 axb5 24. cxb5 cxb5 25. Bxb7 O-O 26. Re1 Qd4 27. h4
Bxa3 28. Rh3 Bc5 29. Be4 b4 30. h5 Nxh5 31. Qd1 Qxf2# 0-1

[Event "Tradewise Gibraltar AmatWk1"]
[Site "Gibraltar"]
[Date "2017.01.24"]
[Round "2.23"]
[White "Garcia-Blazquez Perez, Manuel"]
[Black "Ajayi, Ayokanmi"]
[Result "1-0"]
[WhiteElo "1851"]
[BlackElo "1599"]
[PlyCount "57"]
[EventDate "2017.01.23"]
[EventType "swiss"]
[EventRounds "5"]
[EventCountry "GGB"]
[SourceTitle "BritBase"]
[Source "www.saund.co.uk"]
[SourceDate "2018.02.10"]
[SourceVersion "1"]
[SourceVersionDate "2018.02.10"]
[SourceQuality "1"]

1. e4 d6 2. d4 Nf6 3. Nc3 g6 4. Bg5 Bg7 5. e5 dxe5 6. dxe5 Qxd1+ 7. Rxd1 Ng4 8.
h3 Nxf2 9. Kxf2 Bxe5 10. Nge2 c6 11. Bf4 Bg7 12. g4 e5 13. Be3 Be6 14. Bg2 Nd7
15. Ne4 Bf8 16. N2c3 h6 17. Nd6+ Bxd6 18. Rxd6 Ke7 19. Rhd1 f5 20. gxf5 gxf5
21. b4 f4 22. Bc5 Nxc5 23. bxc5 h5 24. Ne4 Rhg8 25. h4 Rab8 26. Ng5 Bf5 27. c4
Rbd8 28. Be4 Bxe4 29. Re6+ 1-0

[Event "Tradewise Gibraltar AmatWk1"]
[Site "Gibraltar"]
[Date "2017.01.24"]
[Round "2.24"]
[White "Naldrett, Geoffrey William"]
[Black "Rios Gonzalez, Jose Antonio"]
[Result "0-1"]
[WhiteElo "1588"]
[BlackElo "1847"]
[PlyCount "60"]
[EventDate "2017.01.23"]
[EventType "swiss"]
[EventRounds "5"]
[EventCountry "GGB"]
[SourceTitle "BritBase"]
[Source "www.saund.co.uk"]
[SourceDate "2018.02.10"]
[SourceVersion "1"]
[SourceVersionDate "2018.02.10"]
[SourceQuality "1"]

1. c4 Nf6 2. Nc3 c5 3. g3 Nc6 4. Nf3 e5 5. d3 g6 6. Bg2 Bg7 7. O-O O-O 8. Be3
d6 9. Qd2 Ng4 10. Nd5 Nxe3 11. fxe3 Be6 12. e4 h6 13. a3 f5 14. exf5 gxf5 15.
e4 fxe4 16. dxe4 Qd7 17. Rac1 Nd4 18. Qd3 Rab8 19. Ne3 b5 20. b3 bxc4 21. bxc4
Rb3 22. Qd2 Qb7 23. Nxd4 Rxf1+ 24. Rxf1 cxd4 25. Nd5 Rb2 26. Qd1 Qd7 27. Qc1
Qb7 28. Ne7+ Kh7 29. Nf5 Bxf5 30. Rxf5 Rb1 0-1

[Event "Tradewise Gibraltar AmatWk1"]
[Site "Gibraltar"]
[Date "2017.01.24"]
[Round "2.25"]
[White "Elishev, Anton"]
[Black "Longdin, Michael"]
[Result "0-1"]
[WhiteElo "1572"]
[BlackElo "1836"]
[PlyCount "74"]
[EventDate "2017.01.23"]
[EventType "swiss"]
[EventRounds "5"]
[EventCountry "GGB"]
[SourceTitle "BritBase"]
[Source "www.saund.co.uk"]
[SourceDate "2018.02.10"]
[SourceVersion "1"]
[SourceVersionDate "2018.02.10"]
[SourceQuality "1"]

1. e4 c5 2. Nf3 Nc6 3. Nc3 d6 4. Bc4 e6 5. O-O Nf6 6. d4 cxd4 7. Nxd4 Nxd4 8.
Qxd4 Be7 9. Bg5 O-O 10. Bb3 h6 11. Bh4 e5 12. Qd3 g5 13. Bg3 Be6 14. Rad1 Bxb3
15. axb3 a6 16. Qf3 Qc8 17. Rd2 Qe6 18. Re1 Rac8 19. Nd5 Nxd5 20. exd5 Qg6 21.
c4 f5 22. h3 e4 23. Qc3 f4 24. Bh2 Rce8 25. Qc2 Bd8 26. f3 Bb6+ 27. Kf1 Be3 28.
Rde2 Qf5 29. Bg1 Bxg1 30. Kxg1 e3 31. Qc3 h5 32. Qb4 Qd7 33. Ra1 Rf7 34. Rd1
Rg7 35. c5 dxc5 36. Qxc5 g4 37. fxg4 hxg4 0-1

[Event "Tradewise Gibraltar AmatWk1"]
[Site "Gibraltar"]
[Date "2017.01.24"]
[Round "2.26"]
[White "Flanagan, Samuel"]
[Black "Haddock, Paul"]
[Result "0-1"]
[WhiteElo "1774"]
[BlackElo "1570"]
[PlyCount "60"]
[EventDate "2017.01.23"]
[EventType "swiss"]
[EventRounds "5"]
[EventCountry "GGB"]
[SourceTitle "BritBase"]
[Source "www.saund.co.uk"]
[SourceDate "2018.02.10"]
[SourceVersion "1"]
[SourceVersionDate "2018.02.10"]
[SourceQuality "1"]

1. e4 e5 2. Nf3 Nc6 3. Bc4 Nf6 4. d3 Bc5 5. c3 d6 6. O-O Bg4 7. Bg5 h6 8. Bh4
g5 9. Bg3 Qd7 10. b4 Bb6 11. Nbd2 h5 12. h3 Bxh3 13. Nxg5 Be6 14. Bxe6 fxe6 15.
Nc4 h4 16. Bh2 O-O-O 17. Nxb6+ axb6 18. Qe2 Rdg8 19. Nh3 Qg7 20. f3 Nh5 21. Kh1
Ng3+ 22. Bxg3 hxg3 23. Kg1 Rh4 24. a4 Rgh8 25. Ra2 Rxh3 26. gxh3 Rxh3 27. Qg2
Qh6 28. Re2 Rh2 29. Qxh2 gxh2+ 30. Rxh2 Qe3+ 0-1

[Event "Tradewise Gibraltar AmatWk1"]
[Site "Gibraltar"]
[Date "2017.01.24"]
[Round "2.28"]
[White "Brooker, Chris H"]
[Black "Bargil, Benny"]
[Result "1-0"]
[WhiteElo "1761"]
[BlackElo "1519"]
[PlyCount "71"]
[EventDate "2017.01.23"]
[EventType "swiss"]
[EventRounds "5"]
[EventCountry "GGB"]
[SourceTitle "BritBase"]
[Source "www.saund.co.uk"]
[SourceDate "2018.02.10"]
[SourceVersion "1"]
[SourceVersionDate "2018.02.10"]
[SourceQuality "1"]

1. f4 e6 2. e4 Bc5 3. d4 Bb6 4. Nf3 d5 5. e5 c5 6. c3 Ne7 7. Bd3 O-O 8. O-O
Nbc6 9. Bc2 a5 10. a3 Bd7 11. Bxh7+ Kxh7 12. Ng5+ Kg6 13. Qg4 f5 14. Qg3 Rg8
15. Nxe6+ Kf7 16. Nxd8+ Nxd8 17. Be3 Ne6 18. dxc5 Nxc5 19. Bxc5 Bxc5+ 20. Kh1
Rh8 21. Nd2 Rh6 22. Nb3 Bb6 23. Nd4 Rah8 24. h3 Kf8 25. Rae1 Kg8 26. Qg5 Bd8
27. e6 Bb5 28. Nxb5 Rg6 29. Qxg6 Nxg6 30. Nd6 Ne7 31. Nf7 Kh7 32. Nxh8 Kxh8 33.
Rd1 Kh7 34. c4 Bc7 35. cxd5 Bd6 36. g3 1-0

[Event "Tradewise Gibraltar AmatWk1"]
[Site "Gibraltar"]
[Date "2017.01.24"]
[Round "2.29"]
[White "Savage, Neil"]
[Black "McLeod, Paul"]
[Result "0-1"]
[WhiteElo "1705"]
[BlackElo "1344"]
[PlyCount "84"]
[EventDate "2017.01.23"]
[EventType "swiss"]
[EventRounds "5"]
[EventCountry "GGB"]
[SourceTitle "BritBase"]
[Source "www.saund.co.uk"]
[SourceDate "2018.02.10"]
[SourceVersion "1"]
[SourceVersionDate "2018.02.10"]
[SourceQuality "1"]

1. e4 e5 2. Nf3 Nc6 3. Bb5 Nge7 4. O-O d6 5. d4 Bd7 6. Nc3 a6 7. Bxc6 Bxc6 8.
dxe5 dxe5 9. Nxe5 f6 10. Nxc6 bxc6 11. Bf4 Qc8 12. Qe2 Ng6 13. Bg3 Bd6 14. Qc4
Qd7 15. f4 Rb8 16. b3 Rb4 17. Qe2 O-O 18. Na4 Qc8 19. Rad1 Qb7 20. c4 Qa7+ 21.
Kh1 Rbb8 22. Bf2 Qa8 23. g3 Rbe8 24. Bc5 Bxc5 25. Nxc5 Rf7 26. Rd3 Qa7 27. Qe3
Rfe7 28. Rfd1 Nf8 29. b4 Qa8 30. Kg1 Ne6 31. Nb3 Nf8 32. Nc5 Ne6 33. e5 fxe5
34. Qxe5 Nxc5 35. Qxc5 Re1+ 36. Rxe1 Rxe1+ 37. Kf2 Ra1 38. Ra3 Qe8 39. Qe3 Qd7
40. Rxa6 Kf7 41. Ra3 Qh3 42. Ra8 Qf1# 0-1

[Event "Tradewise Gibraltar AmatWk1"]
[Site "Gibraltar"]
[Date "2017.01.24"]
[Round "2.30"]
[White "Smedsrud, Morten S"]
[Black "Kirkwood, Robin"]
[Result "1/2-1/2"]
[WhiteElo "1345"]
[BlackElo "1677"]
[PlyCount "66"]
[EventDate "2017.01.23"]
[EventType "swiss"]
[EventRounds "5"]
[EventCountry "GGB"]
[SourceTitle "BritBase"]
[Source "www.saund.co.uk"]
[SourceDate "2018.02.10"]
[SourceVersion "1"]
[SourceVersionDate "2018.02.10"]
[SourceQuality "1"]

1. d4 d6 2. e4 Nf6 3. Nc3 c6 4. f3 Nbd7 5. Be3 g6 6. Qd2 Bg7 7. O-O-O b5 8. g4
Nb6 9. Bh6 O-O 10. Bxg7 Kxg7 11. h4 h5 12. gxh5 Nxh5 13. Nh3 Ng3 14. Rh2 Nxf1
15. Rxf1 Bxh3 16. Rxh3 Rh8 17. Rg1 Rh5 18. Rg4 e5 19. f4 exf4 20. Rxf4 Qd7 21.
Rhf3 Rf8 22. Qf2 c5 23. Nxb5 cxd4 24. Nxd4 Nc4 25. Rf6 Ne5 26. Ne6+ fxe6 27.
Rxf8 Nxf3 28. Rxf3 Qe7 29. Rf4 d5 30. exd5 Rxd5 31. Rd4 Rf5 32. Rf4 Rd5 33. Rd4
Rf5 1/2-1/2

[Event "Tradewise Gibraltar AmatWk1"]
[Site "Gibraltar"]
[Date "2017.01.24"]
[Round "2.32"]
[White "Jimenez Urquijo, Juan Manuel"]
[Black "Hudson, Jeremy"]
[Result "1/2-1/2"]
[WhiteElo "1541"]
[BlackElo "1633"]
[PlyCount "68"]
[EventDate "2017.01.23"]
[EventType "swiss"]
[EventRounds "5"]
[EventCountry "GGB"]
[SourceTitle "BritBase"]
[Source "www.saund.co.uk"]
[SourceDate "2018.02.10"]
[SourceVersion "1"]
[SourceVersionDate "2018.02.10"]
[SourceQuality "1"]

1. e4 e6 2. d4 d5 3. exd5 exd5 4. Nf3 Nc6 5. Bb5 Bd6 6. O-O Nge7 7. Nc3 O-O 8.
Be3 Bg4 9. h3 Bh5 10. Be2 a6 11. Qd2 f6 12. Nh2 Bxe2 13. Nxe2 Nf5 14. Bf4 Nh4
15. c3 Ng6 16. Bg3 Bxg3 17. Nxg3 Qd6 18. Rae1 Rae8 19. Rxe8 Rxe8 20. Re1 Rxe1+
21. Qxe1 Qe7 22. Qe3 Kf7 23. Nf3 Qxe3 24. fxe3 h6 25. Kf2 Nce7 26. Nh5 c6 27.
Nf4 Nxf4 28. exf4 Nf5 29. g4 Nd6 30. Nd2 g6 31. Kf3 Kg7 32. b3 Nb5 33. Nb1 Nd6
34. Nd2 Nb5 1/2-1/2

[Event "Tradewise Gibraltar AmatWk1"]
[Site "Gibraltar"]
[Date "2017.01.25"]
[Round "3.1"]
[White "Bosschem, Eddy"]
[Black "Maman, Emanuel"]
[Result "1-0"]
[WhiteElo "1899"]
[BlackElo "1778"]
[PlyCount "85"]
[EventDate "2017.01.23"]
[EventType "swiss"]
[EventRounds "5"]
[EventCountry "GGB"]
[SourceTitle "BritBase"]
[Source "www.saund.co.uk"]
[SourceDate "2018.02.10"]
[SourceVersion "1"]
[SourceVersionDate "2018.02.10"]
[SourceQuality "1"]

1. d4 Nf6 2. Nf3 g6 3. Bf4 d5 4. e3 Bg7 5. Be2 O-O 6. O-O Re8 7. h3 Nc6 8. c4
e6 9. Nc3 a6 10. Rb1 dxc4 11. Bxc4 Nd5 12. Bg3 b5 13. Bb3 Bb7 14. Ne4 Na5 15.
Nc5 Bc8 16. Rc1 Nxb3 17. Qxb3 Ra7 18. Rfd1 Nb6 19. Ne5 Bxe5 20. Bxe5 f6 21. Bg3
Qe7 22. Rc2 g5 23. Rdc1 Nd5 24. e4 Nf4 25. Nd3 Qd6 26. Qc3 e5 27. d5 Bd7 28.
Qc5 Rb7 29. Qe3 Nxd3 30. Qxd3 Kg7 31. f3 Rc8 32. Bf2 Be8 33. Bc5 Qd7 34. Qa3
Ra8 35. Qa5 f5 36. Be3 Rc8 37. Qxa6 Rbb8 38. Bxg5 fxe4 39. Qf6+ Kg8 40. Qxe5
exf3 41. Rxc7 f2+ 42. Kxf2 Rxc7 43. Rxc7 1-0

[Event "Tradewise Gibraltar AmatWk1"]
[Site "Gibraltar"]
[Date "2017.01.25"]
[Round "3.2"]
[White "Ansari, Athar"]
[Black "Bishop, Geoffrey L"]
[Result "1-0"]
[WhiteElo "1887"]
[BlackElo "1677"]
[PlyCount "103"]
[EventDate "2017.01.23"]
[EventType "swiss"]
[EventRounds "5"]
[EventCountry "GGB"]
[SourceTitle "BritBase"]
[Source "www.saund.co.uk"]
[SourceDate "2018.02.10"]
[SourceVersion "1"]
[SourceVersionDate "2018.02.10"]
[SourceQuality "1"]

1. e4 c5 2. c3 d5 3. exd5 Qxd5 4. Nf3 Nc6 5. d4 Bg4 6. Be2 e6 7. O-O Nf6 8. Re1
Rd8 9. Qa4 Be7 10. h3 Bh5 11. c4 Qd7 12. dxc5 O-O 13. Bf4 Bxc5 14. Nc3 Nd4 15.
Nxd4 Qxa4 16. Nxa4 Bxd4 17. Bxh5 Nxh5 18. Be3 Bxe3 19. Rxe3 Rd2 20. c5 Nf4 21.
Rb3 Rb8 22. c6 b6 23. Re1 Rc8 24. Re4 Rd1+ 25. Kh2 Nd5 26. Nc3 Nxc3 27. Rxc3
Kf8 28. Ra4 Rc7 29. b4 Rd4 30. a3 Ke7 31. Ra6 Kd6 32. Kg3 g5 33. b5 h5 34. a4
Rd5 35. Rb3 f5 36. a5 bxa5 37. Rxa5 e5 38. Kf3 e4+ 39. Ke3 Rd1 40. Rba3 Kc5 41.
Rxa7 Rxa7 42. Rxa7 Rd3+ 43. Ke2 Kb6 44. Rb7+ Ka5 45. b6 Rc3 46. c7 g4 47. Rb8
f4 48. c8=Q f3+ 49. gxf3 exf3+ 50. Kd2 Rxc8 51. Rxc8 Kxb6 52. h4 1-0

[Event "Tradewise Gibraltar AmatWk1"]
[Site "Gibraltar"]
[Date "2017.01.25"]
[Round "3.3"]
[White "Kuenitz, Klaus"]
[Black "Stamenov, Valeriy"]
[Result "1-0"]
[WhiteElo "1690"]
[BlackElo "1839"]
[PlyCount "93"]
[EventDate "2017.01.23"]
[EventType "swiss"]
[EventRounds "5"]
[EventCountry "GGB"]
[SourceTitle "BritBase"]
[Source "www.saund.co.uk"]
[SourceDate "2018.02.10"]
[SourceVersion "1"]
[SourceVersionDate "2018.02.10"]
[SourceQuality "1"]

1. d4 d5 2. c4 e6 3. Nf3 c6 4. cxd5 exd5 5. Bg5 Be7 6. Bxe7 Nxe7 7. e3 Qb6 8.
Qd2 Bf5 9. Nc3 Nd7 10. Rc1 O-O 11. Na4 Qc7 12. Bd3 Bxd3 13. Qxd3 Qa5+ 14. Nc3
Nf6 15. O-O Nc8 16. Ne5 Nd6 17. f3 Qb4 18. b3 Rfe8 19. g4 Re7 20. Rfe1 Rae8 21.
Qd2 Nd7 22. Nd3 Qa5 23. Qf2 Qa6 24. Nc5 Nxc5 25. dxc5 Nb5 26. Na4 Qa5 27. Re2
d4 28. e4 Rd7 29. Qe1 Qd8 30. Rd2 Qf6 31. Rd3 Red8 32. Qg3 h6 33. Re1 Nc3 34.
e5 Qg6 35. f4 Nxa4 36. bxa4 Qe6 37. f5 Qc4 38. h4 Qxc5 39. g5 h5 40. g6 f6 41.
e6 Rd5 42. Qc7 Qd6 43. e7 Re8 44. Qxb7 c5 45. Re6 Qd7 46. Rb3 Qxb7 47. Rxb7 1-0

[Event "Tradewise Gibraltar AmatWk1"]
[Site "Gibraltar"]
[Date "2017.01.25"]
[Round "3.4"]
[White "Ramesh, Balasubramanian"]
[Black "Dennis, Nigel W"]
[Result "1/2-1/2"]
[WhiteElo "1646"]
[BlackElo "1818"]
[PlyCount "123"]
[EventDate "2017.01.23"]
[EventType "swiss"]
[EventRounds "5"]
[EventCountry "GGB"]
[SourceTitle "BritBase"]
[Source "www.saund.co.uk"]
[SourceDate "2018.02.10"]
[SourceVersion "1"]
[SourceVersionDate "2018.02.10"]
[SourceQuality "1"]

1. d4 Nf6 2. Bf4 g6 3. e3 Bg7 4. Nf3 O-O 5. Be2 d6 6. O-O Nbd7 7. c3 c5 8. h3
b6 9. a4 Bb7 10. a5 Qc7 11. Nbd2 Rfb8 12. b4 Nd5 13. Qb3 Nxf4 14. exf4 e6 15.
Rfd1 bxa5 16. dxc5 dxc5 17. Rxa5 Bd5 18. Qa3 cxb4 19. cxb4 Qxf4 20. Rxa7 Rxa7
21. Qxa7 Rb7 22. Qa6 Rxb4 23. Nf1 Qc7 24. Ne3 Bb7 25. Qd3 Nc5 26. Qd8+ Qxd8 27.
Rxd8+ Bf8 28. Ne5 Kg7 29. Bf3 Bxf3 30. Nxf3 Be7 31. Rc8 Ne4 32. g3 Ng5 33. Kg2
Nxf3 34. Kxf3 Rb3 35. h4 h5 36. Rc7 Bf6 37. Ke2 Bd4 38. Rd7 Bxe3 39. fxe3 Kf6
40. Kf3 e5 41. Rd6+ Ke7 42. Ra6 Rd3 43. Ke4 Rd6 44. Ra7+ Ke6 45. Ra5 f6 46. Rb5
f5+ 47. Kf3 Kf6 48. Ra5 Re6 49. Rb5 g5 50. hxg5+ Kxg5 51. Ra5 e4+ 52. Kf2 Kg4
53. Ra7 Rg6 54. Rf7 Rg5 55. Rh7 Kh3 56. Rh8 Rxg3 57. Rxh5+ Kg4 58. Rxf5 Rf3+
59. Rxf3 exf3 60. e4 Kf4 61. e5 Kxe5 62. Kxf3 1/2-1/2

[Event "Tradewise Gibraltar AmatWk1"]
[Site "Gibraltar"]
[Date "2017.01.25"]
[Round "3.5"]
[White "Sevillano Garcia, Joaquin"]
[Black "Hunt, Caro"]
[Result "1-0"]
[WhiteElo "1816"]
[BlackElo "1631"]
[PlyCount "65"]
[EventDate "2017.01.23"]
[EventType "swiss"]
[EventRounds "5"]
[EventCountry "GGB"]
[SourceTitle "BritBase"]
[Source "www.saund.co.uk"]
[SourceDate "2018.02.10"]
[SourceVersion "1"]
[SourceVersionDate "2018.02.10"]
[SourceQuality "1"]

1. Nf3 d5 2. g3 c6 3. Bg2 Bg4 4. h3 Bh5 5. O-O e6 6. b3 Nf6 7. Bb2 Bd6 8. d4
O-O 9. Nbd2 Nbd7 10. c4 Rc8 11. Ne5 Ne8 12. g4 Bxe5 13. dxe5 Bg6 14. cxd5 cxd5
15. Rc1 Nb6 16. Ba3 Nc7 17. Bxf8 Kxf8 18. Nf3 h5 19. Qd4 hxg4 20. hxg4 Qe7 21.
a4 Rd8 22. a5 Nc8 23. b4 b6 24. Qc3 Rd7 25. Nd4 Kg8 26. Bf3 f6 27. Rfd1 fxe5
28. Nc6 Qf6 29. Qxe5 Nd6 30. Qxf6 gxf6 31. Nxa7 bxa5 32. bxa5 Nc4 33. Rxc4 1-0

[Event "Tradewise Gibraltar AmatWk1"]
[Site "Gibraltar"]
[Date "2017.01.25"]
[Round "3.6"]
[White "Robson, Paul E"]
[Black "Sandhya, Goli"]
[Result "0-1"]
[WhiteElo "1897"]
[BlackElo "1745"]
[PlyCount "116"]
[EventDate "2017.01.23"]
[EventType "swiss"]
[EventRounds "5"]
[EventCountry "GGB"]
[SourceTitle "BritBase"]
[Source "www.saund.co.uk"]
[SourceDate "2018.02.10"]
[SourceVersion "1"]
[SourceVersionDate "2018.02.10"]
[SourceQuality "1"]

1. c4 c5 2. g3 g6 3. Bg2 Bg7 4. Nc3 Nc6 5. e3 e6 6. Nge2 Nge7 7. O-O O-O 8. d4
cxd4 9. exd4 d5 10. cxd5 Nxd5 11. Nxd5 exd5 12. Be3 Bg4 13. f3 Bf5 14. Qd2 Re8
15. Rad1 Qa5 16. Qxa5 Nxa5 17. Kf2 Nc4 18. Bc1 Bc2 19. Nc3 Bxd1 20. Rxd1 Nb6
21. Nb5 Rec8 22. Nc3 h6 23. f4 Rd8 24. f5 g5 25. h4 Bf6 26. hxg5 hxg5 27. Kf3
Be7 28. Kg4 f6 29. Re1 Kf7 30. Re6 Rac8 31. Bd2 Rc6 32. Re1 Rc4 33. Ne2 Rc2 34.
Bc3 Na4 35. Bf3 Nxc3 36. Nxc3 Bb4 37. Rb1 Bxc3 38. bxc3 b6 39. Rb5 Rxc3 40.
Bxd5+ Ke7 41. Be6 Rxd4+ 42. Kh5 Rxg3 43. Rb2 Rh4+ 44. Kg6 Rhh3 45. Rd2 Rd3 46.
Rc2 Rc3 47. Rd2 Rhd3 48. Rh2 g4 49. Rh7+ Kd6 50. Kxf6 g3 51. Rxa7 Rc7 52. Ra6
Kc5 53. Ra4 Rd4 54. Ra3 g2 55. Rg3 Rd2 56. Kg6 Kd6 57. Bb3 Rc1 58. f6 g1=Q 0-1